| 000 | 01045nam a2200325 i 4500 | ||
|---|---|---|---|
| 005 | 20260322212036.0 | ||
| 008 | data | ||
| 010 | _a 74006736 //r87 | ||
| 020 | _a0875892388 | ||
| 020 | _a9780875892382 | ||
| 040 |
_aDLC _cDLC _dNLM _dYHM _dOCL _dNLM |
||
| 050 | 0 |
_aLB2823 _b.A65 |
|
| 060 | 0 | 0 |
_aLB 2823 _bA549e 1975 |
| 090 | _aLB 2806 En19 1975 | ||
| 100 | 1 | _aAnderson, Scarvia B. | |
| 245 | 1 | 0 |
_aEncyclopedia of educational evaluation / _cScarvia B. Anderson, Samuel Ball & Richard T. Murphy. |
| 250 | _a1st ed. | ||
| 260 |
_aSan Francisco : _bJossey-Bass Publishers, _c1975. |
||
| 300 |
_axxiii, 515 p. : _bill. ; _c24 cm. |
||
| 500 | _aIncludes indexes. | ||
| 504 | _aBibliography: p. 473-498. | ||
| 520 | _aConcepts & techniques for evaluating education and training programs. | ||
| 650 | 0 | _aEducational surveys. | |
| 650 | 0 | _aEducational evaluation. | |
| 650 | 2 |
_aEducational Measurement _vEncyclopedias. |
|
| 650 | 2 |
_aEvaluation Studies _vEncyclopedias. |
|
| 700 | 1 | _aBall, Samuel. | |
| 700 | 1 | _aMurphy, Richard T. | |
| 001 | data | ||
| 999 |
_c835 _d835 |
||